Analýza potravín Cvičenie

Gespeichert in:
Bibliographische Detailangaben
1. Verfasser: Príbela, Alexander, 1928-
Format: Buch
Sprache:Slowakisch
Veröffentlicht: Bratislava Slovenská vysoká škola technická 1987
Ausgabe:1. vyd.
Schlagworte:
Online-Zugang:Im OPAC anzeigen
Tags: Tag hinzufügen
Keine Tags, Fügen Sie das erste Tag hinzu!

MARC

LEADER 00000nam a2200000 a 4500
005 20260127134057.0
008 180814s1987 xo 0 slo
015 |a SNBA1988/06 
020 |c 20,50 Kčs. (500 výtl.) 
035 |a vtls001124237 
035 |a SNK000067080 
039 9 |a 201808142113  |b VLOAD  |c 201808142113  |d VLOAD  |c 201610061607  |d VLOAD  |c 201510151637  |d VLOAD  |y 200412250438  |z VLOAD 
040 |a SNK  |b slo  |c SNK  |d STUSCHK1  |e AACR2 
041 0 |a slo 
044 |a xo  |c SK 
080 |a 543.5:663/664(075.8)(076.5)  |2 1981 
080 |a 663/664(075.8)(076.5)  |2 1981 
100 1 |a Príbela, Alexander,  |d 1928-  |9 1100 
245 0 |a Analýza potravín  |b Cvičenie  |c Alexander Príbela 
250 |a 1. vyd. 
260 |a Bratislava  |b Slovenská vysoká škola technická  |c 1987  |e Bratislava  |f Edičné stredisko SVŠT 
300 |a 395 s., 26,656 AH  |c 29 cm 
500 |a Lit. Schválil rektor SVŠT v Bratislave ako skriptá. Rozmn. 16 zázn. v slov., češ., angl. a nem. 
650 0 7 |a [BK]  |2 SNK 
910 |a SCHK95 
954 |a potraviny  |a analýza chemická  |x cvičenia praktické  |x učebnice VŠ 
958 |a NB 
958 |a RM 
958 |a UV 
958 |a OND 
999 |c 3523  |d 3523 
942 0 0 |0 34